LEADER 01492nas a2200277 i 4500 001 000000160716 003 CaOOAMICUS 005 20070525000000.0 008 070410b2006 xxuuu u0 0eng r 013 $a138079 040 $aSeMil$bita 245 10$aDispossession and Discordance :$bCurrents in Continental Philosophy /$cedited by Peg Birmingham [and] James Risser. 260 $aChicago :$bDePaul University,$ccopyr. 2006. 300 $a201 p. ;$c26 cm. 500 $aEstratti dal 44. Convegno annuale SPEP, Society for Phenomenology and Existential Philosophy, ottobre 2005, Salt Lake City. 700 1 $aSociety for Phenomenology and Existential Philosophy (SPEP) : Annual Meeting <44. ; 2005 ; Salt Lake City (U.S.A.)>.$0(OLS)http://semarc/name/42365 700 1 $aRisser, James.$0(OLS)http://semarc/name/42367 700 1 $aBirmingham, Peg.$0(OLS)http://semarc/name/42366 773 0 $tSelected Studies in Phenomenology and Existential Philosophy.$dChicago : DePaul University, 1996.$w()334 773 0 $tPhilosophy Today.$dCarthagena (Ohio) : Messenger Press, 1957.$x0031-8256$w()2613 774 0 $t[vedi periodico].$w()266240 850 $aSeMil 852 $aSeMil$W1$xVenegono$y1$m16 6 60$j112169$B112169$CSeMilBibl$Z2$F123540 $85 961 $aAbbonamento: Herder 996 $6245$aDispossession and Discordance :$bCurrents in Continental Philosophy$9(OLS)http://semarc/title/143507 996 $6260$aChicago :$bDePaul University$9(OLS)http://semarc/publisher/29833 LEADER 01019nam a2200205 i 4500 001 000000034549 003 CaOOAMICUS 005 20121210000000.0 008 121210s1797 it u000 u ita u 013 $a1239 026 $al'iu l'La o.l' mein (3) 1797 (R) 040 $aSeMil$bita 245 10$aTomo 1. 300 $a312 p. 500 $aSegn. : A-N12. 773 0 $aBenedictus XIV $tDecisioni di casi di coscienza e di dottrina canonica fatte nella diocesi di Bologna per ordine, e giusta la mente dell'em. card. Prospero Lambertini arcivescovo di detta cittą, e poscia sommo pontefice Benedetto 14. Tomo 1. [-18.].$bQuarta edizione ricorretta e di nuovi casi pratici aumentata per opera d'un religioso domenicano ...$dMediolani : Presso Giuseppe Rossi qu. Bortolo, 1797.$g1$w()27807 850 $aSeMil 852 $aSeMil$W1$xVenegono$y1$m2F II 53 FA$j704$B704$CSeMilBibl$Z2$F704 $8I 961 $aOmaggio: Biblioteca Seminario Duomo 996 $6245$aTomo 1$9(OLS)http://semarc/title/46685